[Event "Oviedo Fapa op"]
[Site "Oviedo"]
[Date "2010.01.03"]
[Round "7"]
[White "Castro Herrero, Alfonso"]
[Black "Crespo Arce, Miguel Angel"]
[Result "1-0"]
[WhiteElo "1629"]
[BlackElo "1749"]
[PlyCount "95"]
[EventDate "2009.12.26"]
[EventType "swiss"]
[EventRounds "9"]
[EventCountry "ESP"]
[SourceTitle "CBM 134 Extra"]
[Source "ChessBase"]
[SourceDate "2010.03.03"]
[SourceVersion "1"]
[SourceVersionDate "2010.03.03"]
[SourceQuality "1"]

1. c4 e6 2. d4 d5 3. c5 Nf6 4. Nc3 Be7 5. Nf3 Nc6 6. a3 0-0 7. Qc2 Re8 8. b4 a6 9. Bf4 Nh5 10. g3 Bf6 11. 0-0-0 Nxf4 12. gxf4 a5 13. b5 Ne7 14. e4 dxe4 15. Qxe4 Nd5 16. Kc2 Nxc3 17. Kxc3 Qd5 18. Bd3 g6 19. Rhe1 Qa2 20. Ra1 Qxf2 21. Re2 Bxd4+ 22. Nxd4 Qh4 23. f5 Qe7 24. Kc4 b6 25. Rc2 exf5 26. Qxe7 Rxe7 27. c6 Be6+ 28. Nxe6 fxe6 29. Re2 Rd8 30. Rd1 Kf7 31. Bc2 Rd5 32. Red2 Rc5+ 33. Kd4 e5+ 34. Ke3 Rc3+ 35. Ke2 e4 36. Bb1 Rxa3 37. Rd7 Rb3 38. Ba2 a4 39. Rxe7+ Kxe7 40. Bxb3 axb3 41. Rb1 Kd6 42. Rxb3 Kc5 43. Ke3 h6 44. h3 g5 45. Rb1 g4 46. hxg4 fxg4 47. Kxe4 g3 48. Kf3 1-0

[Event "Oviedo Fapa op"]
[Site "Oviedo"]
[Date "2009.12.27"]
[Round "2"]
[White "Castro Herrero, Alfonso"]
[Black "Garcia Alvarez, Javier"]
[Result "1/2-1/2"]
[WhiteElo "1629"]
[BlackElo "1844"]
[PlyCount "82"]
[EventDate "2009.12.26"]
[EventType "swiss"]
[EventRounds "9"]
[EventCountry "ESP"]
[SourceTitle "CBM 134 Extra"]
[Source "ChessBase"]
[SourceDate "2010.03.03"]
[SourceVersion "1"]
[SourceVersionDate "2010.03.03"]
[SourceQuality "1"]

1. c4 e5 2. Nc3 Nf6 3. Nf3 d6 4. g3 Be6 5. b3 c6 6. Bg2 h6 7. Qc2 Qd7 8. h4 Na6 9. Ba3 Be7 10. e3 Rc8 11. d4 Qc7 12. Rd1 b5 13. dxe5 dxe5 14. Bxe7 Kxe7 15. c5 Nxc5 16. 0-0 b4 17. Ne2 Nb7 18. Rc1 Bd5 19. Qf5 Nd7 20. Rfd1 g6 21. Qb1 Nb6 22. Qb2 f6 23. a3 a5 24. axb4 axb4 25. Qb1 f5 26. Qb2 Ke6 27. g4 c5 28. Qb1 Qg7 29. Qb2 Rhg8 30. Ng3 fxg4 31. e4 Bxe4 32. Nxe4 gxf3 33. Bxf3 h5 34. Ng5+ Kf6 35. Bxb7 Qxb7 36. Rd6+ Kg7 37. Qxe5+ Kh6 38. Qf6 Na8 39. Nf7+ Kh7 40. Ng5+ Kh6 41. Nf7+ Kh7 1/2-1/2